[Event "April 9 Early 2024"]
[Site "Chess.com"]
[Date "2024.04.09"]
[Round "3"]
[White "Ebru Kaplan"]
[Black "Migot, Tangi"]
[Result "0-1"]
[Board "210"]
[WhiteFideId "6315194"]
[BlackFideId "662445"]
[WhiteTitle "WCM"]
[BlackTitle "IM"]
[WhiteElo "1990"]
[BlackElo "2554"]
[WhiteTeam "TUR"]
[BlackTeam "FRA"]
[WhiteClock "0:00:01"]
[BlackClock "0:00:54"]
[Variant "Standard"]

1. d4 {[%clk 0:03:00]}  d5 {[%clk 0:02:58]} 2. c4 {[%clk 0:03:00]}  e6 {[%clk 0:02:58]} 3. Nc3 {[%clk 0:03:00]}  Nf6 {[%clk 0:02:58]} 4. Bg5 {[%clk 0:03:00]}  Nbd7 {[%clk 0:02:59]} 5. cxd5 {[%clk 0:02:58]}  exd5 {[%clk 0:02:59]} 6. e3 {[%clk 0:02:58]}  c6 {[%clk 0:02:55]} 7. Qc2 {[%clk 0:02:58]}  h6 {[%clk 0:02:50]} 8. Bh4 {[%clk 0:02:44]}  g5 {[%clk 0:02:50]} 9. Bg3 {[%clk 0:02:44]}  Nh5 {[%clk 0:02:50]} 10. Nf3 {[%clk 0:02:24]}  Nxg3 {[%clk 0:02:47]} 11. hxg3 {[%clk 0:02:24]}  Bg7 {[%clk 0:02:48]} 12. Bd3 {[%clk 0:02:20]}  Nb6 {[%clk 0:02:45]} 13. O-O-O {[%clk 0:02:14]}  Be6 {[%clk 0:02:45]} 14. Kb1 {[%clk 0:01:52]}  Qe7 {[%clk 0:02:23]} 15. e4 {[%clk 0:01:45]}  dxe4 {[%clk 0:02:19]} 16. Nxe4 {[%clk 0:01:45]}  O-O-O {[%clk 0:02:14]} 17. Rhe1 {[%clk 0:01:10]}  g4 {[%clk 0:02:07]} 18. Ne5 {[%clk 0:01:04]}  Kb8 {[%clk 0:01:58]} 19. Qc1 {[%clk 0:00:59]}  Rxd4 {[%clk 0:01:48]} 20. Nc5 {[%clk 0:00:33]}  Rd5 {[%clk 0:01:24]} 21. Na6+ {[%clk 0:00:16]}  Ka8 {[%clk 0:01:24]} 22. Nxc6 {[%clk 0:00:09]}  Qd6 {[%clk 0:01:00]} 23. Rxe6 {[%clk 0:00:02]}  fxe6 {[%clk 0:00:54]} 24. Nxa7 {[%clk 0:00:01]} 0-1

[Event "April 9 Early 2024"]
[Site "Chess.com"]
[Date "2024.04.09"]
[Round "3"]
[White "Navarrete Mendez, Gonzalo Alberto"]
[Black "Dilmukhametov, Artur"]
[Result "1/2-1/2"]
[Board "214"]
[WhiteFideId "5106850"]
[BlackFideId "24179922"]
[WhiteTitle "FM"]
[BlackTitle "FM"]
[WhiteElo "2638"]
[BlackElo "2402"]
[WhiteTeam "MEX"]
[BlackTeam "RUS"]
[WhiteClock "0:00:30"]
[BlackClock "0:00:39"]
[Variant "Standard"]

1. e4 {[%clk 0:03:00]}  e5 {[%clk 0:03:00]} 2. Nf3 {[%clk 0:03:00]}  d6 {[%clk 0:03:01]} 3. d4 {[%clk 0:03:00]}  exd4 {[%clk 0:03:01]} 4. Nxd4 {[%clk 0:03:00]}  Nf6 {[%clk 0:03:02]} 5. Nc3 {[%clk 0:03:00]}  Be7 {[%clk 0:03:03]} 6. g3 {[%clk 0:03:01]}  O-O {[%clk 0:03:02]} 7. Bg2 {[%clk 0:03:00]}  c6 {[%clk 0:03:02]} 8. O-O {[%clk 0:02:58]}  Re8 {[%clk 0:03:03]} 9. h3 {[%clk 0:02:58]}  Bf8 {[%clk 0:03:03]} 10. Re1 {[%clk 0:02:53]}  Nbd7 {[%clk 0:03:04]} 11. Nf5 {[%clk 0:02:52]}  Nc5 {[%clk 0:02:59]} 12. Bf4 {[%clk 0:02:49]}  Bxf5 {[%clk 0:02:55]} 13. exf5 {[%clk 0:02:50]}  d5 {[%clk 0:02:51]} 14. g4 {[%clk 0:02:45]}  Qb6 {[%clk 0:02:41]} 15. Rb1 {[%clk 0:02:38]}  Rxe1+ {[%clk 0:02:28]} 16. Qxe1 {[%clk 0:02:38]}  Re8 {[%clk 0:02:28]} 17. Qd1 {[%clk 0:02:26]}  Nce4 {[%clk 0:02:09]} 18. Nxe4 {[%clk 0:02:25]}  Nxe4 {[%clk 0:02:09]} 19. Be3 {[%clk 0:01:52]}  Bc5 {[%clk 0:01:47]} 20. Bxc5 {[%clk 0:01:45]}  Qxc5 {[%clk 0:01:48]} 21. Bxe4 {[%clk 0:01:42]}  Rxe4 {[%clk 0:01:49]} 22. Qd2 {[%clk 0:01:37]}  Qe7 {[%clk 0:01:36]} 23. Kf1 {[%clk 0:01:23]}  Qh4 {[%clk 0:01:06]} 24. Qd3 {[%clk 0:01:23]}  Rxg4 {[%clk 0:01:02]} 25. hxg4 {[%clk 0:01:20]}  Qh1+ {[%clk 0:01:03]} 26. Ke2 {[%clk 0:01:19]}  Qxb1 {[%clk 0:01:04]} 27. Kd2 {[%clk 0:00:41]}  h6 {[%clk 0:00:47]} 28. Qe3 {[%clk 0:00:34]}  Qxb2 {[%clk 0:00:41]} 29. Qe8+ {[%clk 0:00:34]}  Kh7 {[%clk 0:00:42]} 30. Qxf7 {[%clk 0:00:34]}  Qd4+ {[%clk 0:00:38]} 31. Kc1 {[%clk 0:00:29]}  Qa1+ {[%clk 0:00:37]} 32. Kd2 {[%clk 0:00:29]}  Qd4+ {[%clk 0:00:38]} 33. Kc1 {[%clk 0:00:29]}  Qa1+ {[%clk 0:00:38]} 34. Kd2 {[%clk 0:00:30]}  Qd4+ {[%clk 0:00:39]} 1/2-1/2

[Event "April 9 Early 2024"]
[Site "Chess.com"]
[Date "2024.04.09"]
[Round "3"]
[White "Chabris, Christopher"]
[Black "Arencibia Monduy, Antonio"]
[Result "1-0"]
[Board "216"]
[WhiteFideId "2005263"]
[BlackFideId "3507939"]
[WhiteTitle "CM"]
[BlackTitle "CM"]
[WhiteElo "2343"]
[BlackElo "2556"]
[WhiteTeam "USA"]
[BlackTeam "USA"]
[WhiteClock "0:00:10"]
[BlackClock "0:00:09"]
[Variant "Standard"]

1. e4 {[%clk 0:03:00]}  c5 {[%clk 0:02:59]} 2. Nf3 {[%clk 0:03:00]}  e6 {[%clk 0:02:58]} 3. d4 {[%clk 0:02:59]}  cxd4 {[%clk 0:02:58]} 4. Nxd4 {[%clk 0:03:00]}  a6 {[%clk 0:02:59]} 5. c4 {[%clk 0:02:59]}  Nc6 {[%clk 0:02:58]} 6. Nc3 {[%clk 0:02:59]}  Qc7 {[%clk 0:02:55]} 7. Be2 {[%clk 0:02:57]}  Nf6 {[%clk 0:02:54]} 8. a3 {[%clk 0:02:54]}  Nxd4 {[%clk 0:02:44]} 9. Qxd4 {[%clk 0:02:53]}  Bc5 {[%clk 0:02:44]} 10. Qd3 {[%clk 0:02:49]}  O-O {[%clk 0:02:40]} 11. b4 {[%clk 0:02:36]}  Be7 {[%clk 0:02:38]} 12. Be3 {[%clk 0:02:29]}  d6 {[%clk 0:02:36]} 13. O-O {[%clk 0:02:29]}  Bd7 {[%clk 0:02:35]} 14. Rac1 {[%clk 0:02:21]}  Rfd8 {[%clk 0:02:35]} 15. f4 {[%clk 0:02:10]}  Rac8 {[%clk 0:02:35]} 16. g4 {[%clk 0:02:07]}  Qb8 {[%clk 0:01:59]} 17. g5 {[%clk 0:01:58]}  Ne8 {[%clk 0:01:59]} 18. Bb6 {[%clk 0:01:56]}  Nc7 {[%clk 0:01:54]} 19. h4 {[%clk 0:01:34]}  Re8 {[%clk 0:01:51]} 20. Qg3 {[%clk 0:01:15]}  Na8 {[%clk 0:01:51]} 21. Bd4 {[%clk 0:01:09]}  b5 {[%clk 0:01:51]} 22. f5 {[%clk 0:01:07]}  e5 {[%clk 0:01:51]} 23. Be3 {[%clk 0:00:52]}  bxc4 {[%clk 0:01:46]} 24. Nd5 {[%clk 0:00:48]}  Bf8 {[%clk 0:01:46]} 25. Bxc4 {[%clk 0:00:40]}  Kh8 {[%clk 0:01:28]} 26. g6 {[%clk 0:00:37]}  fxg6 {[%clk 0:01:02]} 27. fxg6 {[%clk 0:00:36]}  h6 {[%clk 0:01:03]} 28. Rf7 {[%clk 0:00:24]}  Rxc4 {[%clk 0:00:59]} 29. Rxc4 {[%clk 0:00:21]}  Be6 {[%clk 0:01:00]} 30. Bxh6 {[%clk 0:00:13]}  Bxd5 {[%clk 0:00:49]} 31. exd5 {[%clk 0:00:10]}  Nb6 {[%clk 0:00:11]} 32. Qg4 {[%clk 0:00:10]}  Nxc4 {[%clk 0:00:09]} 33. Bxg7+ {[%clk 0:00:10]}  Bxg7 {[%clk 0:00:09]} 34. Qh5+ {[%clk 0:00:10]}  Kg8 {[%clk 0:00:09]} 35. Qh7# {[%clk 0:00:10]} 1-0

[Event "April 9 Early 2024"]
[Site "Chess.com"]
[Date "2024.04.09"]
[Round "3"]
[White "Andreev, Konstantin"]
[Black "Montano Vicente, Guadalupe"]
[Result "1-0"]
[Board "217"]
[WhiteFideId "24239305"]
[BlackFideId "5181399"]
[WhiteTitle "FM"]
[WhiteElo "2546"]
[BlackElo "2288"]
[WhiteTeam "ITA"]
[BlackTeam "MEX"]
[WhiteClock "0:00:15"]
[BlackClock "0:00:00"]
[Variant "Standard"]

1. e4 {[%clk 0:03:00]}  c5 {[%clk 0:02:58]} 2. Nf3 {[%clk 0:03:00]}  d6 {[%clk 0:02:57]} 3. d4 {[%clk 0:03:00]}  cxd4 {[%clk 0:02:58]} 4. Nxd4 {[%clk 0:03:01]}  Nf6 {[%clk 0:02:55]} 5. Nc3 {[%clk 0:03:02]}  a6 {[%clk 0:02:54]} 6. h4 {[%clk 0:03:02]}  e5 {[%clk 0:02:52]} 7. Nb3 {[%clk 0:03:02]}  b5 {[%clk 0:02:48]} 8. a4 {[%clk 0:02:58]}  b4 {[%clk 0:02:47]} 9. Nd5 {[%clk 0:02:58]}  Nxd5 {[%clk 0:02:41]} 10. exd5 {[%clk 0:02:57]}  Be7 {[%clk 0:02:37]} 11. h5 {[%clk 0:02:56]}  f5 {[%clk 0:02:23]} 12. Bc4 {[%clk 0:02:44]}  Nd7 {[%clk 0:02:18]} 13. a5 {[%clk 0:02:41]}  Nf6 {[%clk 0:01:57]} 14. Qe2 {[%clk 0:02:38]}  Bb7 {[%clk 0:01:49]} 15. Bd2 {[%clk 0:02:37]}  Nxd5 {[%clk 0:01:38]} 16. Kd1 {[%clk 0:02:37]}  Nf6 {[%clk 0:01:32]} 17. Be6 {[%clk 0:02:25]}  Bc8 {[%clk 0:01:15]} 18. Bxc8 {[%clk 0:02:22]}  Qxc8 {[%clk 0:01:12]} 19. Bxb4 {[%clk 0:02:21]}  O-O {[%clk 0:01:11]} 20. Bd2 {[%clk 0:02:12]}  Qc6 {[%clk 0:01:06]} 21. Rh4 {[%clk 0:02:00]}  Rac8 {[%clk 0:00:59]} 22. c3 {[%clk 0:01:56]}  Qd5 {[%clk 0:00:41]} 23. Kc2 {[%clk 0:01:53]}  Rb8 {[%clk 0:00:33]} 24. Qc4 {[%clk 0:01:52]}  Rfc8 {[%clk 0:00:28]} 25. Qxd5+ {[%clk 0:01:47]}  Nxd5 {[%clk 0:00:28]} 26. Rha4 {[%clk 0:01:44]}  Nb4+ {[%clk 0:00:19]} 27. Kb1 {[%clk 0:01:31]}  Nd3 {[%clk 0:00:19]} 28. R4a3 {[%clk 0:01:26]}  Nxf2 {[%clk 0:00:18]} 29. Be3 {[%clk 0:01:23]}  Nd3 {[%clk 0:00:17]} 30. Bb6 {[%clk 0:01:24]}  e4 {[%clk 0:00:16]} 31. Kc2 {[%clk 0:01:22]}  Bd8 {[%clk 0:00:16]} 32. Bxd8 {[%clk 0:01:21]}  Rxd8 {[%clk 0:00:17]} 33. Rf1 {[%clk 0:01:20]}  g6 {[%clk 0:00:17]} 34. Ra4 {[%clk 0:01:15]}  d5 {[%clk 0:00:16]} 35. Ra2 {[%clk 0:01:08]}  Kf7 {[%clk 0:00:16]} 36. Nd4 {[%clk 0:01:07]}  Ke7 {[%clk 0:00:14]} 37. Nc6+ {[%clk 0:01:06]}  Kd6 {[%clk 0:00:14]} 38. Nxd8 {[%clk 0:00:50]}  Rxd8 {[%clk 0:00:14]} 39. b4 {[%clk 0:00:45]}  Rc8 {[%clk 0:00:14]} 40. Kb3 {[%clk 0:00:45]}  f4 {[%clk 0:00:11]} 41. Rd2 {[%clk 0:00:43]}  g5 {[%clk 0:00:11]} 42. Rfd1 {[%clk 0:00:41]}  Ke5 {[%clk 0:00:10]} 43. Rc2 {[%clk 0:00:37]}  g4 {[%clk 0:00:08]} 44. Re2 {[%clk 0:00:29]}  Kf5 {[%clk 0:00:07]} 45. Red2 {[%clk 0:00:22]}  f3 {[%clk 0:00:06]} 46. g3 {[%clk 0:00:23]}  Kg5 {[%clk 0:00:04]} 47. Rh2 {[%clk 0:00:21]}  Rb8 {[%clk 0:00:04]} 48. Ka4 {[%clk 0:00:20]}  Rb5 {[%clk 0:00:00]} 49. Rdh1 {[%clk 0:00:15]} 1-0

[Event "April 9 Early 2024"]
[Site "Chess.com"]
[Date "2024.04.09"]
[Round "3"]
[White "Codrut-Constantin Florescu"]
[Black "Marcziter, Dmitrii"]
[Result "1-0"]
[Board "219"]
[WhiteFideId "1202200"]
[BlackFideId "13900765"]
[WhiteTitle "IM"]
[BlackTitle "FM"]
[WhiteElo "2530"]
[BlackElo "2266"]
[WhiteTeam "ROU"]
[BlackTeam "GER"]
[WhiteClock "0:00:27"]
[BlackClock "0:00:08"]
[Variant "Standard"]

1. d4 {[%clk 0:03:00]}  Nf6 {[%clk 0:02:57]} 2. Nf3 {[%clk 0:03:00]}  g6 {[%clk 0:02:57]} 3. c4 {[%clk 0:03:00]}  Bg7 {[%clk 0:02:57]} 4. Nc3 {[%clk 0:03:00]}  O-O {[%clk 0:02:58]} 5. e4 {[%clk 0:02:59]}  d6 {[%clk 0:02:58]} 6. h3 {[%clk 0:03:00]}  Na6 {[%clk 0:02:58]} 7. Be3 {[%clk 0:02:58]}  c5 {[%clk 0:02:58]} 8. d5 {[%clk 0:02:58]}  e6 {[%clk 0:02:58]} 9. a4 {[%clk 0:02:57]}  Re8 {[%clk 0:02:57]} 10. Bd3 {[%clk 0:02:56]}  Nb4 {[%clk 0:02:57]} 11. Bb1 {[%clk 0:02:56]}  a6 {[%clk 0:02:54]} 12. O-O {[%clk 0:02:55]}  exd5 {[%clk 0:02:53]} 13. cxd5 {[%clk 0:02:54]}  Rb8 {[%clk 0:02:52]} 14. a5 {[%clk 0:02:51]}  Nd7 {[%clk 0:02:45]} 15. Nd2 {[%clk 0:02:50]}  Ne5 {[%clk 0:02:43]} 16. Qe2 {[%clk 0:02:47]}  g5 {[%clk 0:02:39]} 17. f4 {[%clk 0:02:34]}  gxf4 {[%clk 0:02:37]} 18. Bxf4 {[%clk 0:02:33]}  Ng6 {[%clk 0:02:37]} 19. Be3 {[%clk 0:02:30]}  b5 {[%clk 0:02:23]} 20. axb6 {[%clk 0:02:29]}  Rxb6 {[%clk 0:02:24]} 21. Nc4 {[%clk 0:02:29]}  Rb8 {[%clk 0:02:21]} 22. Na5 {[%clk 0:02:27]}  Qh4 {[%clk 0:02:12]} 23. Qf2 {[%clk 0:02:23]}  Qxf2+ {[%clk 0:02:06]} 24. Rxf2 {[%clk 0:02:24]}  Bd4 {[%clk 0:02:01]} 25. Nd1 {[%clk 0:02:14]}  Bg7 {[%clk 0:01:54]} 26. g3 {[%clk 0:02:06]}  Bd7 {[%clk 0:01:48]} 27. Kg2 {[%clk 0:02:05]}  Bb5 {[%clk 0:01:46]} 28. Rd2 {[%clk 0:01:58]}  h5 {[%clk 0:01:44]} 29. h4 {[%clk 0:01:55]}  Ne5 {[%clk 0:01:43]} 30. Nf2 {[%clk 0:01:54]}  Bd7 {[%clk 0:01:31]} 31. Ra3 {[%clk 0:01:52]}  Rb5 {[%clk 0:01:26]} 32. Nh3 {[%clk 0:01:42]}  Ng4 {[%clk 0:01:22]} 33. Bg1 {[%clk 0:01:41]}  Rf8 {[%clk 0:01:05]} 34. Nf4 {[%clk 0:01:40]}  f5 {[%clk 0:00:58]} 35. Nxh5 {[%clk 0:01:39]}  Be5 {[%clk 0:00:57]} 36. Nf4 {[%clk 0:01:36]}  fxe4 {[%clk 0:00:52]} 37. Ng6 {[%clk 0:01:28]}  e3 {[%clk 0:00:46]} 38. Re2 {[%clk 0:01:27]}  Re8 {[%clk 0:00:42]} 39. Nxe5 {[%clk 0:01:08]}  Rxe5 {[%clk 0:00:42]} 40. Nc4 {[%clk 0:01:09]}  Rxd5 {[%clk 0:00:38]} 41. Nxe3 {[%clk 0:01:05]}  Nxe3+ {[%clk 0:00:38]} 42. Raxe3 {[%clk 0:01:04]}  Rd1 {[%clk 0:00:31]} 43. Bg6 {[%clk 0:01:01]}  Bc6+ {[%clk 0:00:31]} 44. Kh2 {[%clk 0:00:59]}  Nd5 {[%clk 0:00:30]} 45. Re4 {[%clk 0:00:45]}  Nf6 {[%clk 0:00:29]} 46. Rf4 {[%clk 0:00:45]}  Kg7 {[%clk 0:00:27]} 47. h5 {[%clk 0:00:45]}  Rb7 {[%clk 0:00:26]} 48. Ref2 {[%clk 0:00:43]}  Nd5 {[%clk 0:00:18]} 49. Rf7+ {[%clk 0:00:43]}  Rxf7 {[%clk 0:00:19]} 50. Rxf7+ {[%clk 0:00:43]}  Kh6 {[%clk 0:00:19]} 51. Be4 {[%clk 0:00:40]}  Rd2+ {[%clk 0:00:18]} 52. Kh3 {[%clk 0:00:40]}  Rd1 {[%clk 0:00:13]} 53. Bf2 {[%clk 0:00:34]}  Rf1 {[%clk 0:00:12]} 54. g4 {[%clk 0:00:33]}  Nf4+ {[%clk 0:00:08]} 55. Rxf4 {[%clk 0:00:30]}  Bxe4 {[%clk 0:00:09]} 56. Rxe4 {[%clk 0:00:30]}  Rxf2 {[%clk 0:00:09]} 57. Re6+ {[%clk 0:00:31]}  Kg5 {[%clk 0:00:08]} 58. Rg6+ {[%clk 0:00:30]}  Kf4 {[%clk 0:00:08]} 59. Rf6+ {[%clk 0:00:30]}  Ke3 {[%clk 0:00:09]} 60. Rxf2 {[%clk 0:00:30]}  Kxf2 {[%clk 0:00:10]} 61. h6 {[%clk 0:00:30]}  d5 {[%clk 0:00:09]} 62. h7 {[%clk 0:00:30]}  d4 {[%clk 0:00:10]} 63. h8=Q {[%clk 0:00:30]}  d3 {[%clk 0:00:10]} 64. Qc3 {[%clk 0:00:29]}  Ke2 {[%clk 0:00:10]} 65. g5 {[%clk 0:00:30]}  d2 {[%clk 0:00:11]} 66. Qc2 {[%clk 0:00:30]}  Ke1 {[%clk 0:00:09]} 67. Qe4+ {[%clk 0:00:30]}  Kf2 {[%clk 0:00:08]} 68. Qd3 {[%clk 0:00:28]}  Ke1 {[%clk 0:00:08]} 69. Qe3+ {[%clk 0:00:28]}  Kd1 {[%clk 0:00:09]} 70. g6 {[%clk 0:00:29]}  Kc2 {[%clk 0:00:09]} 71. Qc3+ {[%clk 0:00:29]}  Kd1 {[%clk 0:00:09]} 72. g7 {[%clk 0:00:29]}  c4 {[%clk 0:00:08]} 73. g8=Q {[%clk 0:00:29]}  a5 {[%clk 0:00:09]} 74. Qg4+ {[%clk 0:00:27]}  Ke1 {[%clk 0:00:08]} 75. Qe3+ {[%clk 0:00:27]}  Kf1 {[%clk 0:00:08]} 76. Qgg1# {[%clk 0:00:27]} 1-0

[Event "April 9 Early 2024"]
[Site "Chess.com"]
[Date "2024.04.09"]
[Round "3"]
[White "Spitzl, Vinzent"]
[Black "Szente Varga, Fruzsina"]
[Result "1-0"]
[Board "220"]
[WhiteFideId "12901253"]
[BlackFideId "712264"]
[WhiteTitle "FM"]
[BlackTitle "WFM"]
[WhiteElo "2502"]
[BlackElo "2246"]
[WhiteTeam "GER"]
[BlackTeam "HUN"]
[WhiteClock "0:01:27"]
[BlackClock "0:00:20"]
[Variant "Standard"]

1. d4 {[%clk 0:03:00]}  Nf6 {[%clk 0:02:46]} 2. Nf3 {[%clk 0:03:00]}  g6 {[%clk 0:02:37]} 3. c4 {[%clk 0:03:00]}  Bg7 {[%clk 0:02:36]} 4. b3 {[%clk 0:03:00]}  O-O {[%clk 0:02:36]} 5. Bb2 {[%clk 0:03:00]}  c6 {[%clk 0:02:35]} 6. g3 {[%clk 0:03:00]}  d5 {[%clk 0:02:36]} 7. Bg2 {[%clk 0:03:00]}  Bg4 {[%clk 0:02:33]} 8. O-O {[%clk 0:03:00]}  Qd7 {[%clk 0:02:33]} 9. Nbd2 {[%clk 0:02:57]}  Bh3 {[%clk 0:02:33]} 10. Qc2 {[%clk 0:02:56]}  Na6 {[%clk 0:02:21]} 11. a3 {[%clk 0:02:54]}  Nc7 {[%clk 0:02:15]} 12. Ne5 {[%clk 0:02:52]}  Qc8 {[%clk 0:02:15]} 13. Rfe1 {[%clk 0:02:48]}  Bxg2 {[%clk 0:02:15]} 14. Kxg2 {[%clk 0:02:49]}  Nd7 {[%clk 0:02:12]} 15. Nef3 {[%clk 0:02:44]}  dxc4 {[%clk 0:02:10]} 16. Nxc4 {[%clk 0:02:41]}  h5 {[%clk 0:02:00]} 17. Rad1 {[%clk 0:02:31]}  Rd8 {[%clk 0:01:40]} 18. e4 {[%clk 0:02:29]}  c5 {[%clk 0:01:23]} 19. d5 {[%clk 0:02:18]}  b5 {[%clk 0:01:22]} 20. Bxg7 {[%clk 0:02:17]}  Kxg7 {[%clk 0:01:22]} 21. Nce5 {[%clk 0:02:15]}  Nxe5 {[%clk 0:01:21]} 22. Nxe5 {[%clk 0:02:15]}  Ne8 {[%clk 0:01:17]} 23. Rc1 {[%clk 0:02:06]}  Qa6 {[%clk 0:01:03]} 24. Qxc5 {[%clk 0:02:03]}  Nd6 {[%clk 0:00:57]} 25. Nc6 {[%clk 0:01:59]}  Re8 {[%clk 0:00:54]} 26. e5 {[%clk 0:01:53]}  Nf5 {[%clk 0:00:54]} 27. d6 {[%clk 0:01:52]}  exd6 {[%clk 0:00:53]} 28. exd6 {[%clk 0:01:53]}  b4 {[%clk 0:00:45]} 29. Rxe8 {[%clk 0:01:47]}  Rxe8 {[%clk 0:00:44]} 30. d7 {[%clk 0:01:46]}  Qe2 {[%clk 0:00:24]} 31. dxe8=Q {[%clk 0:01:27]}  Qxe8 {[%clk 0:00:20]} 32. Qe5+ {[%clk 0:01:27]} 1-0

[Event "April 9 Early 2024"]
[Site "Chess.com"]
[Date "2024.04.09"]
[Round "3"]
[White "Baladjaev, Gara"]
[Black "Collins, Adam"]
[Result "0-1"]
[Board "222"]
[WhiteFideId "13401785"]
[BlackFideId "2512300"]
[WhiteTitle "FM"]
[BlackTitle "CM"]
[WhiteElo "2209"]
[BlackElo "2489"]
[WhiteTeam "AZE"]
[BlackTeam "IRL"]
[WhiteClock "0:00:05"]
[BlackClock "0:00:29"]
[Variant "Standard"]

1. d4 {[%clk 0:02:07]}  b5 {[%clk 0:02:53]} 2. c4 {[%clk 0:02:07]}  bxc4 {[%clk 0:02:53]} 3. Nf3 {[%clk 0:02:06]}  Nf6 {[%clk 0:02:51]} 4. g3 {[%clk 0:02:00]}  d5 {[%clk 0:02:48]} 5. Bg2 {[%clk 0:02:01]}  Bf5 {[%clk 0:02:49]} 6. O-O {[%clk 0:01:50]}  e6 {[%clk 0:02:48]} 7. Ne5 {[%clk 0:01:51]}  Bd6 {[%clk 0:02:42]} 8. Nc3 {[%clk 0:01:51]}  O-O {[%clk 0:02:41]} 9. Bg5 {[%clk 0:01:50]}  Be7 {[%clk 0:02:30]} 10. Nxc4 {[%clk 0:01:41]}  c5 {[%clk 0:02:23]} 11. dxc5 {[%clk 0:01:38]}  Bxc5 {[%clk 0:02:21]} 12. e4 {[%clk 0:01:36]}  dxe4 {[%clk 0:02:21]} 13. Nxe4 {[%clk 0:01:35]}  Qxd1 {[%clk 0:02:20]} 14. Nxf6+ {[%clk 0:01:25]}  gxf6 {[%clk 0:02:20]} 15. Rfxd1 {[%clk 0:01:22]}  fxg5 {[%clk 0:02:19]} 16. Bxa8 {[%clk 0:01:22]}  Na6 {[%clk 0:02:18]} 17. Bg2 {[%clk 0:01:18]}  Nb4 {[%clk 0:02:19]} 18. a3 {[%clk 0:01:13]}  Nd3 {[%clk 0:02:18]} 19. Ne3 {[%clk 0:01:02]}  Bg6 {[%clk 0:02:09]} 20. b4 {[%clk 0:01:00]}  Bd4 {[%clk 0:02:07]} 21. Ra2 {[%clk 0:00:58]}  Rc8 {[%clk 0:01:59]} 22. Rad2 {[%clk 0:00:58]}  Rc3 {[%clk 0:01:54]} 23. Bf1 {[%clk 0:00:58]}  Bxe3 {[%clk 0:01:47]} 24. fxe3 {[%clk 0:00:58]}  Ne5 {[%clk 0:01:44]} 25. Ra2 {[%clk 0:00:50]}  Rxe3 {[%clk 0:01:42]} 26. Re2 {[%clk 0:00:49]}  Nf3+ {[%clk 0:01:27]} 27. Kf2 {[%clk 0:00:48]}  Rxa3 {[%clk 0:01:27]} 28. Rd8+ {[%clk 0:00:41]}  Kg7 {[%clk 0:01:26]} 29. Re3 {[%clk 0:00:41]}  Rxe3 {[%clk 0:00:58]} 30. Kxe3 {[%clk 0:00:41]}  Nxh2 {[%clk 0:00:58]} 31. Be2 {[%clk 0:00:41]}  h5 {[%clk 0:00:50]} 32. Rd7 {[%clk 0:00:41]}  h4 {[%clk 0:00:50]} 33. gxh4 {[%clk 0:00:40]}  gxh4 {[%clk 0:00:51]} 34. Rxa7 {[%clk 0:00:39]}  h3 {[%clk 0:00:47]} 35. Ra1 {[%clk 0:00:39]}  Bf5 {[%clk 0:00:46]} 36. Rh1 {[%clk 0:00:38]}  Ng4+ {[%clk 0:00:46]} 37. Bxg4 {[%clk 0:00:38]}  Bxg4 {[%clk 0:00:47]} 38. Rg1 {[%clk 0:00:32]}  f5 {[%clk 0:00:46]} 39. Kf4 {[%clk 0:00:31]}  Kf7 {[%clk 0:00:45]} 40. Ke5 {[%clk 0:00:25]}  Ke7 {[%clk 0:00:45]} 41. Rh1 {[%clk 0:00:23]}  Kd7 {[%clk 0:00:44]} 42. Rh2 {[%clk 0:00:20]}  Ke7 {[%clk 0:00:39]} 43. b5 {[%clk 0:00:19]}  Kd7 {[%clk 0:00:37]} 44. Rc2 {[%clk 0:00:19]}  Bf3 {[%clk 0:00:35]} 45. Kf4 {[%clk 0:00:09]}  Bg2 {[%clk 0:00:32]} 46. Kg3 {[%clk 0:00:09]}  f4+ {[%clk 0:00:31]} 47. Kh2 {[%clk 0:00:09]}  e5 {[%clk 0:00:31]} 48. b6 {[%clk 0:00:08]}  Kd6 {[%clk 0:00:28]} 49. Rxg2 {[%clk 0:00:04]}  hxg2 {[%clk 0:00:27]} 50. Kxg2 {[%clk 0:00:02]}  Kc6 {[%clk 0:00:27]} 51. Kf3 {[%clk 0:00:02]}  Kxb6 {[%clk 0:00:27]} 52. Ke4 {[%clk 0:00:02]}  Kc5 {[%clk 0:00:27]} 53. Kxe5 {[%clk 0:00:03]}  f3 {[%clk 0:00:27]} 54. Ke4 {[%clk 0:00:03]}  f2 {[%clk 0:00:28]} 55. Ke3 {[%clk 0:00:04]}  f1=Q {[%clk 0:00:29]} 56. Kd2 {[%clk 0:00:04]}  Qf3 {[%clk 0:00:28]} 57. Kc2 {[%clk 0:00:04]}  Kc4 {[%clk 0:00:28]} 58. Kb1 {[%clk 0:00:04]}  Qf2 {[%clk 0:00:28]} 59. Ka1 {[%clk 0:00:04]}  Kb3 {[%clk 0:00:28]} 60. Kb1 {[%clk 0:00:05]}  Qf1# {[%clk 0:00:29]} 0-1

[Event "April 9 Early 2024"]
[Site "Chess.com"]
[Date "2024.04.09"]
[Round "3"]
[White "Tarhan, Adar"]
[Black "Tilahun , Abel Mathewos"]
[Result "1-0"]
[Board "224"]
[WhiteFideId "34544712"]
[BlackFideId "15702391"]
[WhiteTitle "IM"]
[BlackTitle "CM"]
[WhiteElo "2722"]
[BlackElo "2092"]
[WhiteTeam "TUR"]
[BlackTeam "ETH"]
[WhiteClock "0:02:02"]
[BlackClock "0:00:00"]
[Variant "Standard"]

1. e4 {[%clk 0:03:00]}  e6 {[%clk 0:01:34]} 2. d4 {[%clk 0:02:59]}  d5 {[%clk 0:01:34]} 3. exd5 {[%clk 0:03:00]}  exd5 {[%clk 0:01:33]} 4. Nc3 {[%clk 0:03:01]}  Nf6 {[%clk 0:01:33]} 5. Bg5 {[%clk 0:02:59]}  c6 {[%clk 0:01:33]} 6. Bd3 {[%clk 0:02:59]}  Bd6 {[%clk 0:01:29]} 7. Qd2 {[%clk 0:02:59]}  O-O {[%clk 0:01:25]} 8. O-O-O {[%clk 0:02:59]}  b5 {[%clk 0:01:25]} 9. f3 {[%clk 0:02:55]}  a5 {[%clk 0:01:21]} 10. g4 {[%clk 0:02:53]}  a4 {[%clk 0:01:10]} 11. h4 {[%clk 0:02:46]}  b4 {[%clk 0:01:10]} 12. Nb1 {[%clk 0:02:39]}  b3 {[%clk 0:01:03]} 13. axb3 {[%clk 0:02:31]}  a3 {[%clk 0:01:04]} 14. bxa3 {[%clk 0:02:27]}  Bxa3+ {[%clk 0:00:58]} 15. Nxa3 {[%clk 0:02:27]}  Rxa3 {[%clk 0:00:59]} 16. Kb2 {[%clk 0:02:27]}  Ra7 {[%clk 0:00:49]} 17. Ne2 {[%clk 0:02:26]}  Ba6 {[%clk 0:00:46]} 18. Ra1 {[%clk 0:02:23]}  Qb6 {[%clk 0:00:15]} 19. Bxf6 {[%clk 0:02:18]}  gxf6 {[%clk 0:00:14]} 20. Rxa6 {[%clk 0:02:18]}  Nxa6 {[%clk 0:00:12]} 21. Qh6 {[%clk 0:02:18]}  f5 {[%clk 0:00:10]} 22. Bxf5 {[%clk 0:02:16]}  f6 {[%clk 0:00:09]} 23. Be6+ {[%clk 0:02:15]}  Raf7 {[%clk 0:00:06]} 24. g5 {[%clk 0:02:12]}  Nc7 {[%clk 0:00:00]} 25. Bxf7+ {[%clk 0:02:02]} 1-0